PG$ - YOUNG LEOSIA, BAMBI - Statystyki

Ogólne statystyki
  • Ten quiz został rozwiązany 297 razy
  • Średni wynik to 4 z 6
Statystyki odpowiedzi
Nazwa utworu % Poprawnych
1 PG$
90%
3 BFF
82%
5 Przester
82%
2 Double Match
68%
6 Te numery
68%
4 Headhunter
52%
Nie znaleziono quizów pasujących do podanych kryteriów
Rozkład punktacji
Procent ludzi z każdym wynikiem
Percentyl według liczby udzielonych odpowiedzi
Twoja historia wyników
Nie rozwiązałeś tego quizu